| 000 | 00731nab a2200193 4500 | ||
|---|---|---|---|
| 001 | 244442 | ||
| 003 | OSt | ||
| 005 | 20231004114514.0 | ||
| 007 | tu | ||
| 008 | 200917s2020||||||| | ||
| 040 |
_aDE-2950 _cDE-2950 |
||
| 245 | 0 | 0 |
_aErkauftes Schweigen? Stadt weist Vorwürfe zurück _bSulfat. Hat die Leag erkauft, dass die Stadt Frankfurt und die FWA nie weiter über Verschmutzungen im Trinkwasser reden dürfen? Das berichtet Correctiv. Was dahinter steckt und der Oberbürgermeister zu den Vorwürfen sagt/ _cThomas Gutke |
| 264 | _c2023 | ||
| 653 | _aFrankfurt (Oder) | ||
| 653 | _aHelenesee | ||
| 653 | _aLeag | ||
| 773 | 0 |
_g34. Jahrgang (2023) Nr. 224 vom 25.09.2023, S. 11, mit Foto _tMärkische Oderzeitung |
|
| 942 |
_2z _cA |
||
| 999 |
_c372747 _d372747 |
||